LEADER 00960nam a2200229 i 4500 001 000000200737 003 CaOOAMICUS 005 20110413000000.0 008 110413s1985 it u000 u ita u 013 $a179438 040 $aSeMil$bita 100 1 $aBiffi, Inos,$c.$0(OLS)http://semarc/name/282 245 10$aFede e politica :$bimpegno sociale del cristiano /$cInos Biffi. 260 $aCasale Monferrato (AL) :$bPiemme,$c1985. 300 $a23 p. ;$c20 cm. 490 0 $aPresenza e proposte : collana di saggi su questioni di attualitą ;$v1 830 0$aPresenza e proposte ;$v1.$0(OLS)http://semarc/title/42580 850 $aSeMil 852 $aSeMil$W1$xVenegono$y1$m5B III 12/36$j151266$B151266$CSeMilBibl$Z2$F162519 $81 961 $aOmaggio: Altro 996 $6245$aFede e politica :$bimpegno sociale del cristiano$9(OLS)http://semarc/title/290333 996 $6260$aCasale Monferrato (AL) :$bPiemme$9(OLS)http://semarc/publisher/30052 LEADER 00841nas a2200205 i 4500 001 000000000286 003 CaOOAMICUS 005 20260410120218.0 008 180830c19779999it zx l u0 z|ita u 040 $aSeMil$bita 245 00$aCommenti biblici $h[generale di collana]. 264 1$aRoma :$bBorla,$c1977- 300 $av. ;$c19-24 cm. 362 0 $a1977- 830 0$aCommenti biblici .$0(OLS)http://semarc/title/458541 850 $aSeMil 852 $aSeMil$W1$xVenegono$y1$mVedi "Titolo uniforme di collana" per le collocazioni dei singoli volumi$j222888$qSottoscrizione meritevole$B257891$CSeMilBibl$Z2$F257891 $81 996 $6245$aCommenti biblici $h[generale di collana]$9(OLS)http://semarc/title/419504 996 $6264$aRoma :$bBorla$9(OLS)http://semarc/publisher/29677